000 004750000a22001570004500
090 _aAR
_b01596
245 1 0 _aStrategy for sampling neotropical forests
650 1 4 _aBosques neotropicales
_916224
650 1 4 _aTécnicas de muestreo
_95826
650 1 4 _aBiodiversidad
_992204
041 0 _aInglés
700 1 _aRaven, Peter H.
_914933
100 1 _aPhillips, Oliver L.
_994069
942 _cARTICULO
773 1 _tNeotropical Biodiversity and Conservation
_3561
_q141-165
_d1996?
999 _c10677
_d10677